Geografia pre 2. ročník gymnázií /

Uloženo v:
Podrobná bibliografie
Hlavní autoři: Tolmáči, Ladislav (Autor), Gurňák, Daniel (Autor), Križan, František (Autor)
Další autoři: Ambrušová, Diana (Fotograf)
Médium: Kniha
Jazyk:slovenština
Vydáno: Harmanec : VKÚ - Vojenský kartografický ústav, 2009
Vydání:1. vyd.
Témata:
ISBN:9788080425807
On-line přístup: Získat plný text
Tagy: Přidat tag
Žádné tagy, Buďte první, kdo vytvoří štítek k tomuto záznamu!

MARC

LEADER 00000nam a2200000 4500
003 SK-BrCVT
005 20220925165636.0
008 100429s2009 xo e ||||||slo d
020 |a 9788080425807 
035 |a CVTIDW1526686 
040 |b slo  |a CVTI SR  |e AACR2 
041 0 |a slo 
044 |a xo 
080 |a 91(100)  |2 UDC-MRF 
100 1 |a Tolmáči, Ladislav  |4 aut 
245 1 0 |a Geografia pre 2. ročník gymnázií /  |c Ladislav Tomláči, Daniel Gurňák, František Križan ; fotografie: Diana Ambrušová ... [et al.] 
250 |a 1. vyd. 
260 |a Harmanec :  |b VKÚ - Vojenský kartografický ústav,  |c 2009 
300 |a 112 s. :  |b fotogr., grafy, mapy, obr. ; 
653 1 |a zemepis sveta 
700 1 |a Gurňák, Daniel  |4 aut 
700 1 |a Križan, František  |4 aut 
700 1 |a Ambrušová, Diana  |4 pht 
910 |b A610781 
919 |a 978-80-8042-580-7 
974 |f Knihy  |b CLI CLI 
992 |a AUS 
999 |c 152774  |d 152774